Osmanlı tarihinde İslamiyet ve devlet/ (Record no. 62864)
| 000 -BAŞLIK | |
|---|---|
| Sabit Uzunluktaki Kontrol Alanı | 01309nam a22003857a 4500 |
| 001 - KONTROL NUMARASI | |
| Control Dosyası | 0063068 |
| 003 - KONTROL NUMARASI KİMLİĞİ | |
| Kontrol Alanı | KOHA_MİRAKIL |
| 005 - EN SON İŞLEM TARİHİ ve ZAMANI | |
| Kontrol Alanı | 20260207004431.0 |
| 007 - FİZİKSEL TANIM SABİT ALAN - GENEL BİLGİ | |
| Sabit uzunluklu kontrol alanı | |
| 008 - SABİT UZUNLUKTAKİ VERİ ÖGELERİ - GENEL BİLGİ | |
| Sabit Alan | 181106b2018 tu |||gr||||#0|||0|tur | |
| 020 ## - ISBN - ULUSLARARASI STANDART KİTAP NUMARASI | |
| Isbn | 9786053327868 |
| Kullanılabilirlik koşulları | xxxxx |
| 040 ## - KATALOGLAMA KAYNAĞI | |
| Özgün Kataloglama Kurumu | TR-BiSEU |
| Kataloglama Dili | tur |
| Çeviri Kurumu | TR-BiSEU |
| Açıklama Kuralları | rda |
| 041 0# - DİL KODU | |
| Metin ya da ses kaydının dil kodu | tur |
| 044 ## - YAYINLAYAN/ÜRETEN KURULUŞUN ÜLKE KODU | |
| ISO country code | tu |
| 050 ## - SINIFLAMA ve YER NUMARASI | |
| Sınıflama Numarası | BP173.6 |
| Yer Numarası | .I53 2018 |
| 100 1# - KİŞİ ADI | |
| Yazar Adı (Kişi adı) | İnalcık, Halil. |
| 245 1# - ESER ADI BİLDİRİMİ | |
| Başlık | Osmanlı tarihinde İslamiyet ve devlet/ |
| Sorumluluk Bildirimi | Halil İnalcık ; Halil İnalcık. |
| 250 ## - BASIM BİLDİRİMİ | |
| Basım Bildirimi | 4. Basım |
| 264 #1 - ÜRERİM, YAYIN, DAĞITIM ve TELİF BİLDİRİMİ | |
| Yayın yeri | İstanbul : |
| Yayınlayan | Türkiye İş Bankası Kültür Yayınları |
| Yayın tarihi | 2018 |
| 300 ## - FİZİKSEL TANIMLAMA | |
| Sayfa, Cilt vb. | VIII, 247 sayfa ; |
| Boyutları | 22 cm. |
| 336 ## - İÇERİK TÜRÜ | |
| Content type term | metin |
| Content type code | txt |
| Source | rdacontent |
| 337 ## - MEDYA TÜRÜ | |
| Media type term | aracısız |
| Media type code | n |
| Source | rdamedia |
| 338 ## - TAŞIYICI TÜRÜ | |
| Carrier type term | cilt |
| Carrier type code | nc |
| Source | rdacarrier |
| 490 1# - DİZİ BİLDİRİMİ | |
| Dizi Bildirimi | Türkiye İş Bankası Kültür Yayınları Genel Yayın ; |
| Cilt Numarası | 3577 |
| 500 ## - GENEL NOT | |
| Genel Not | Kaynakça ve dizin var. |
| 650 #0 - KONU BAŞLIĞI EK GİRİŞ - KONU TERİMİ | |
| Konusal terim veya coğrafi ad | İslam ve devlet--Türkiye. |
| 9 (RLIN) | 15866 |
| 650 #0 - KONU BAŞLIĞI EK GİRİŞ - KONU TERİMİ | |
| Konusal terim veya coğrafi ad | Islam and state--Turkey. |
| 9 (RLIN) | 12373 |
| 650 #0 - KONU BAŞLIĞI EK GİRİŞ - KONU TERİMİ | |
| Konusal terim veya coğrafi ad | İslam--Türkiye--Tarih. |
| 9 (RLIN) | 27717 |
| 650 #0 - KONU BAŞLIĞI EK GİRİŞ - KONU TERİMİ | |
| Konusal terim veya coğrafi ad | Islam--Turkey--History. |
| 9 (RLIN) | 12346 |
| 650 #0 - KONU BAŞLIĞI EK GİRİŞ - KONU TERİMİ | |
| Konusal terim veya coğrafi ad | Türkiye--Siyaset ve hükümet. |
| 9 (RLIN) | 63949 |
| 650 #0 - KONU BAŞLIĞI EK GİRİŞ - KONU TERİMİ | |
| Konusal terim veya coğrafi ad | Turkey--Politics and government. |
| 9 (RLIN) | 7156 |
| 830 1# - SERİ EK GİRİŞİ - TEKBİÇİM ESER ADI | |
| Tekbiçim Başlık | Türkiye İş Bankası Kültür Yayınları Genel Yayın ; |
| Volume number/sequential designation | 3577 |
| 9 (RLIN) | 19444 |
| 907 ## - LOCAL DATA ELEMENT G, LDG (RLIN) | |
| a | Tarih |
| 942 ## - EK GİRİŞ ÖGELERİ (KOHA) | |
| Source of classification or shelving scheme | Library of Congress Classification |
| Koha item type | Book |
| Materyal Türü | Kalıcı Konum | Mevcut Konum | Raf Yeri | Sınıflandırma Kaynağı | Edinim Bilgisi | Ana Konular | Alt Konular | Yer Numarası | Demirbaş Numarası | Fatura Tarihi | Geri Çekilme Durumu | Kayıp Durumu | Hasarlı Durumu | Kredi için değil | Kayıt Tarih | Toplam Ödünçverme | Son Görülme Tarihi | Son Kontrol Tarihi |
|---|---|---|---|---|---|---|---|---|---|---|---|---|---|---|---|---|---|---|
| Book | Prof. Dr. Azmi Özcan Kütüphanesi | Prof. Dr. Azmi Özcan Kütüphanesi | Uluğbey Salonu | Library of Congress Classification | Satın | FELSEFE, PSİKOLOJİ, DİN | İslam, Bahailik, Teozofi vb. | BP173.6 .I53 2018 | 0063068 | 02/02/2026 | 06/11/2018 | 05/12/2024 | 05/12/2024 |
